| 000 | 00491nam a2200157Ia 4500 | ||
|---|---|---|---|
| 008 | 151021s9999 xx 000 0 und d | ||
| 020 | _a137878133 | ||
| 050 | _aG 155 .A1 D345 1994 | ||
| 245 | _a_Sales and Marketing for Travel and Tourism / Davidoff Phillip G. | ||
| 260 | _aNew Jersey : Prentice Hall, 1994 | ||
| 300 | _av,288p. | ||
| 500 | _aIncludes index | ||
| 650 | _a_Marketing for Travel and Tourism | ||
| 700 | _a_Doris S. Davidoff | ||
| 980 | _a^d20110712 05:12:05^okilerai | ||
| 999 |
_c7926 _d7926 |
||